| 000 | 00356nam a2200133Ia 4500 | ||
|---|---|---|---|
| 008 | 150202s9999 xx 000 0 und d | ||
| 020 | _a224026097 | ||
| 050 |
_aFIC _bFIC |
||
| 100 | _aAmis, Martin. | ||
| 245 |
_aLondon fields / _cMartin Amis. |
||
| 260 |
_aGreat Britain : _bSpartan Press, _c1989. |
||
| 300 |
_a470 pages : _c21 cm. |
||
| 650 | _aFiction. | ||
| 999 |
_c281813 _d281813 |
||